UM Logo

Current harmonics analysis and design for load-independent ZVS single-switch resonant DC/DC converter / (Record no. 19867)

MARC details
000 -LEADER
fixed length control field 00944nam a22002177a 4500
003 - CONTROL NUMBER IDENTIFIER
control field OSt
005 - DATE AND TIME OF LATEST TRANSACTION
control field 20250917172252.0
008 - FIXED-LENGTH DATA ELEMENTS--GENERAL INFORMATION
fixed length control field 240326b ||||| |||| 00| 0 eng d
040 ## - CATALOGING SOURCE
Transcribing agency 0
082 ## - DEWEY DECIMAL CLASSIFICATION NUMBER
Classification number DPer 621.381 In821 September 2022 v. 37 n. 9
100 ## - MAIN ENTRY--PERSONAL NAME
Personal name Liu, Ziheng.
Relator term author.
9 (RLIN) 55432
245 ## - TITLE STATEMENT
Title Current harmonics analysis and design for load-independent ZVS single-switch resonant DC/DC converter /
Statement of responsibility, etc. Ziheng Liu, Fanyi Meng, Kaixue Ma, and Kiat Seng Yeo.
260 ## - PUBLICATION, DISTRIBUTION, ETC. (IMPRINT)
Place of publication, distribution, etc. New York ;
Name of publisher, distributor, etc. The Institute of Electrical and Electronics Engineers, Inc. ,
Date of publication, distribution, etc. September 2022.
300 ## - PHYSICAL DESCRIPTION
Extent Volume 37, pages 10877-10888 :
Other physical details illustration ;
Dimensions 28 cm.
500 ## - GENERAL NOTE
General note IEEE Transitions on Power Electronics, v. 37 n. 9, pages 10877-10888, September 2022.
700 ## - ADDED ENTRY--PERSONAL NAME
Personal name Liu, Ziheng.
Relator term author.
9 (RLIN) 55432
700 ## - ADDED ENTRY--PERSONAL NAME
Personal name Meng, Fanyi.
Relator term author.
9 (RLIN) 55433
700 ## - ADDED ENTRY--PERSONAL NAME
Personal name Ma, Kaixue.
Relator term author.
9 (RLIN) 55434
700 ## - ADDED ENTRY--PERSONAL NAME
Personal name Yeo, Kiat Seng.
Relator term author.
9 (RLIN) 55435
942 ## - ADDED ENTRY ELEMENTS (KOHA)
Source of classification or shelving scheme Dewey Decimal Classification
Koha item type Periodicals
Holdings
Withdrawn status Lost status Source of classification or shelving scheme Damaged status Not for loan Collection code Home library Current library Date acquired Total Checkouts Full call number Date last seen Price effective from Koha item type Public note
    Dewey Decimal Classification     Periodicals UM Digos College - LIC UM Digos College - LIC 03/26/2024   DPer 621.381 In821 September 2022 v. 37 n. 9 03/26/2024 03/26/2024 Periodicals Periodical Article